00701nam a2200241 a 4500001001300000003000900013005001700022008004100039020001000080082001700090100002900107245001900136260004400155300000900199500003500208505001900243650001600262700002900278902000800307942000700315952012000322999001700442nice12345678IN_TiNIC20260116015038.0050803s2000 bana grp 000 0 hin  ac10000a220.543bBIB aBible Society Of India,  aDharam Shastar aBangalorebBible Society of Indiac2000 a366p aincludes index and biblioraphy2 aResponce Sheet aBible-Hindi1 aBible Society Of India,  bSRS cBK 001040708StackRoom-aHMIbHMId2008-05-14g100.00l0o220.543 BIBp11001576r2008-05-14v100.00w2005-08-03yBK c18080d18080